00266pam a2200109 a 4500020000500000041000500005082001500010100001900025245005500044260004100099300001600140 c h a743.6bPIN aPolly pinder . aHow to Draw Cats insimple stephTextual Documents a[s.l]:bSearch Press U. K.,c2014. a50:bpaper.